Narnia Trivia - Statistics

General Stats
  • This quiz has been taken 146 times
  • The average score is 11 of 44
Answer Stats
Hint Answer % Correct
The Witch's name Jadis
76%
Doctor Cornelius is half-dwarf and half-what? Human
70%
Name three Calormene Gods Tash
56%
First King & Queen of Narnia Frank & Helen
54%
The White Witch's own world Charn
53%
Captain of the Dawn Treader Drinian
45%
Lucy Pevensie
44%
Edmund Pevensie
43%
Peter Pevensie
43%
The First Winged Horse Fledge
42%
The Seven Friends of Narnia Digory Kirke
38%
Jill Pole
37%
Eustace Scrubb
35%
King Caspian X's aunt Prunaprismia
34%
Jill & Eustace's school Experiment House
33%
Where Lucy and Tumnus met Lantern Waste
33%
Name three Narnian giants Rumblebuffin
33%
Polly Plummer
31%
Northern Moor Ettinsmoor
30%
Two Narnian Centaurs Glenstorm
27%
Marshwiggles live in this Wigwam
27%
Uncle Andrew's godmother Mrs Lefay
25%
Second in command of Narnian Mice Peepiceek
24%
The White Witch kills what on the Stone Table Traitors
22%
Wimbleweather
21%
Gentle Giant's Castle Harfang
20%
Roonwit
17%
Avra
12%
Digory Kirke's mother Mabel
12%
Zardeenah
12%
Doorn
11%
Aravis' father & great-grandfather share what name? Kidrash
11%
Number of Chapters in entire series 110
8%
Number of ships to take Cair Paravel in the Last Battle? 30
8%
Name the Lone Islands Felimath
8%
The Pevensie's royal Narnian ship Splendour Hyaline
8%
Glimfeather the Owl's favourite saying tu-whoo
8%
Only game giants understand Cock-shies
6%
Bree's full name Breehy-hinny-brinny-hoohy-hah
5%
Azaroth
3%
Bottom of the world Land of Bism
3%
Calormene Postal City Azim Balda
2%
Stonefoot
2%
What did the trees of gold and silver grow from half-sovereigns & half-crowns
0%
No matching quizzes found
Score Distribution
Percent of People with Each Score
Percentile by Number Answered
Your Score History
You have not taken this quiz